000
00316nam a2200133Ia 4500
008
260604s9999 xx 000 0 und d
020
_a
9780857637680
082
_a
808.3 HAR
100
_a
SHREE
_9
35323
245
0
_a
The Secret Rescuers The Star Wolf
260
_b
Nosy Crow Ltd
500
_a
Star Wolf
942
_c
BK
999
_c
8169
_d
8169